Cuentos de mi tiempo / (Registro nro. 162061)

Detalles MARC
000 -LEADER
campo de control de longitud fija 00609nam a22001935i 4500
001 - NÚMERO DE CONTROL
campo de control 162061
003 - IDENTIFICADOR DE NÚMERO DE CONTROL
campo de control ES-MaACL
005 - FECHA Y HORA DE LA ÚLTIMA TRANSACCIÓN
campo de control 20230906212423.0
008 - DATOS DE LONGITUD FIJA--INFORMACIÓN GENERAL
campo de control de longitud fija 940301s1895 sp |||| | spa d
040 ## - FUENTE DE CATALOGACIÓN
Centro catalogador/agencia de origen CAM
Lengua de catalogación spa
100 1# - ENTRADA PRINCIPAL--NOMBRE DE PERSONA
Nombre de persona Picón, Jacinto Octavio,
Fechas asociadas al nombre 1852-1923
9 (RLIN) 91875
245 10 - MENCIÓN DEL TÍTULO
Título Cuentos de mi tiempo /
Mención de responsabilidad, etc. Jacinto Octavio Picon.
260 ## - PUBLICACIÓN, DISTRIBUCIÓN, ETC.
Lugar de publicación, distribución, etc. Madrid :
Nombre del editor, distribuidor, etc. [s.n.],
Fecha de publicación, distribución, etc. 1895 (
Fabricante Fortanet)
300 ## - DESCRIPCIÓN FÍSICA
Extensión XV, 282 p. ;
Dimensiones 19 cm.
490 1# - MENCIÓN DE SERIE
Mención de serie Libreria selecta ;
Designación de volumen o secuencia 794
830 0# - PUNTO DE ACCESO ADICIONAL DE SERIE-TÍTULO UNIFORME
Título uniforme Libreria selecta ;
Designación de volumen o secuencia 794
9 (RLIN) 222168
852 ## - LOCALIZACIÓN
Ubicación ES-MaACL
Número de control de estantería B-4171
Nota libre -- Enc. pasta española
Existencias
Estatus retirado Estado de pérdida Estado de daño No para préstamo Colección Biblioteca de origen Biblioteca actual Ubicación en estantería Fecha de adquisición Fuente de adquisición Total de préstamos Signatura topográfica completa Código de barras Visto por última vez Precio de reemplazo Tipo de ítem Koha
        Libros del s. XIX Biblioteca del Ateneo de Madrid Biblioteca del Ateneo de Madrid Sala Pardo Bazán 17/01/2008     B-4171 1169770 23/02/2023 23/02/2023 Libro impreso antiguo